| Tag |
First Indicator |
Second Indicator |
Subfields |
| LEADER |
00000pam a2200000 a 4500 |
| 001 |
in00000073881 |
| 005 |
20151008054732.0 |
| 008 |
810220s1981 cau b 00000 eng |
| 010 |
|
|
|a 81001437
|
| 020 |
|
|
|a 0803915918
|
| 020 |
|
|
|a 0803915926 (pbk.)
|
| 035 |
|
|
|a (OCoLC)07284058
|
| 035 |
|
|
|9 AAJ1533AM
|
| 039 |
0 |
|
|a 2
|b 3
|c 3
|d 3
|e 3
|
| 040 |
|
|
|a DLC
|c DLC
|d TXA
|d UtOrBLW
|
| 049 |
|
|
|a TXAM
|c [1361442]
|
| 050 |
0 |
0 |
|a HC26
|b .D95
|
| 082 |
0 |
|
|a 338.9
|2 19
|
| 245 |
0 |
0 |
|a Dynamics of world development /
|c edited by Richard Rubinson.
|
| 264 |
|
1 |
|a Beverly Hills :
|b Sage Publications,
|c [1981]
|
| 264 |
|
4 |
|c ©1981
|
| 300 |
|
|
|a 264 pages ;
|c 23 cm.
|
| 336 |
|
|
|a text
|b txt
|2 rdacontent
|
| 337 |
|
|
|a unmediated
|b n
|2 rdamedia
|
| 338 |
|
|
|a volume
|b nc
|2 rdacarrier
|
| 490 |
1 |
|
|a Political economy of the world-system annuals ;
|v v. 4
|
| 504 |
|
|
|a Includes bibliographies.
|
| 650 |
|
0 |
|a Economic history.
|
| 650 |
|
0 |
|a Economic development.
|
| 700 |
1 |
|
|a Rubinson, Richard.
|
| 830 |
|
0 |
|a Political economy of the world-system annuals ;
|v v. 4.
|
| 999 |
|
|
|a MARS
|
| 999 |
f |
f |
|s e514bd3c-3100-3730-9dd1-75bb4897115d
|i ea526fe1-3559-3d72-903c-895d536d046f
|t 0
|
| 952 |
f |
f |
|p ric
|a Texas A&M University
|b Rellis Campus
|c Joint Library Facility
|d Remote Storage
|t 0
|e HC26 .D95
|h Library of Congress classification
|i unmediated -- volume
|m A14806120821
|
| 998 |
f |
f |
|a HC26 .D95
|t 0
|l Remote Storage
|